000 00523cam a22002291 4500
001 9479561
005 20180314094624.0
008 740830s1973 xx 000 0 ita
010 _a 74301190
035 _a(OCoLC)994183
040 _aDLC
_cNIC
_dDLC
041 _aeng
042 _apremarc
080 _a7 BRU
082 _a7 BRU
100 1 _a44
101 _aART
245 0 0 _aBramante.
504 _aBibliography: p. 349-[362]
906 _a7
_bcbc
_coclcrpl
_du
_encip
_f19
_gy-gencatlg
942 _2ddc
_cBK
999 _c45050
_d45050